La mujer y la Organizacion : (Record no. 5497)

000 -CABECERA
fixed length control field 00894nam a22002177a 4500
003 - IDENTIFICADOR DEL NÚMERO DE CONTROL
control field AR-CdUCM
008 - DATOS DE LONGITUD FIJA--INFORMACIÓN GENERAL
fixed length control field 190312b ||||| |||| 00| 0 spa d
040 ## - FUENTE DE LA CATALOGACIÓN
Agencia/entidad que catalogó originalmente la obra MUNICIPALIDAD PROVINCIAL DEL CUSCO
Entidad que transcribió la catalogación BIBLIOTECA MUNICIPAL DEL CUSCO
082 ## - NÚMERO DE LA CLASIFICACIÓN DECIMAL DEWEY
No. de Clasificación 396.4 /
Notacion interna CH94
100 ## - ENTRADA PRINCIPAL--NOMBRE DE PERSONA
Nombre Personal Centro de estudios rurales andino "Bartolomé de las casas"
245 ## - MENCIÓN DE TÍTULO
Título La mujer y la Organizacion :
Resto del título Domitila de Chungara /
260 ## - PUBLICACIÓN, DISTRIBUCIÓN, ETC.
Lugar de publicación, distribución, etc. Bolivia ;
Nombre de la editorial, distribuidor, etc. Centro las Casas ,
300 ## - DESCRIPCIÓN FÍSICA
Nº de Páginas Extensión 58 páginas ;
Dimensiones 21 cm.
505 ## - NOTA DE CONTENIDO CON FORMATO
Nota de contenido formateada Contenido : Quien es Domitila de Chungara -- La problematica de la mujer -- El Comitéde Amas de Casa de Siglo XX -- Cómo debemos luchar las mujeres trabajadoras -- Palabras finales a la mujer Campesina...
650 ## - PUNTO DE ACCESO ADICIONAL DE MATERIA--TÉRMINO DE MATERIA
Descriptor Feminismo
9 (RLIN) 4003
650 ## - PUNTO DE ACCESO ADICIONAL DE MATERIA--TÉRMINO DE MATERIA
Descriptor Genero
9 (RLIN) 1111
650 ## - PUNTO DE ACCESO ADICIONAL DE MATERIA--TÉRMINO DE MATERIA
Descriptor Mujeres en la lucha
9 (RLIN) 16491
650 ## - PUNTO DE ACCESO ADICIONAL DE MATERIA--TÉRMINO DE MATERIA
Descriptor Igualdad de Derecho
9 (RLIN) 16492
942 ## - ELEMENTOS DE PUNTO DE ACCESO ADICIONAL (KOHA)
Fuente de clasificación
Tipo de item Libros-BMC
945 ## - PROCESAMIENTO DE INFORMACIÓN LOCAL (OCLC)
Catalogador rtm
Holdings
Estado de retiro (separado) Fuente de clasificación o esquema de estanterías Estado dañado Ubicación Sala donde se ubica Nombre de la colección Fecha de adquisición o compra Costo, precio normal en soles Signatura topográfica Código de Barras Última vez visto (Koha) Tipo de ítem (Koha)
No     Sala Humanidades Sala Humanidades Book Cart 2019-03-12 20.00 396.4 / CH94 SH0000005914 2019-03-12 Libros-BMC

Powered by Koha